[Event "EICC 2017"]
[Site "Minsk"]
[Date "2017.06.09"]
[Round "10"]
[White "Shomoev, Anton"]
[Black "Alekseev, Evgeny"]
[Result "1/2-1/2"]
[WhiteElo "2550"]
[BlackElo "2610"]
[Annotator "TA"]
[PlyCount "71"]
[EventDate "2017.??.??"]
[EventCountry "BLR"]
[SourceTitle "playchess.com"]
[Source "ChessBase"]
[SourceQuality "1"]

{[%evp 20,71,22,18,18,18,18,18,18,25,22,20,15,9,9,18,14,20,9,14,26,13,13,16,13,14,15,0,0,0,0,0,0,0,0,0,0,7,7,0,0,0,0,0,0,0,50,0,0,0,0,0,0,0]} 1. e4 e5 2. Nf3 Nc6 3. Bb5 a6 4. Ba4 Nf6 5. O-O Be7 6. d3 d6 7. c3 O-O 8. Re1 Re8 9. Nbd2 {[%cal Bb1d2,Bd2f1,Bf1g3][%mdl 32]} Bf8 10. Nf1 h6 11. Ng3 b5 {C77: Ruy Lopez: 3...a6 4 Ba4 Nf6, unusual lines} 12. Bc2 d5 13. exd5 (13. d4 dxe4 14. Nxe4 Bf5 15. Nxf6+ Qxf6 16. dxe5 Nxe5 17. Rxe5 Rxe5 18. Nxe5 Bxc2 19. Qxc2 Qxe5 {½-½ (44) Harikrishna,P (2752)-Dominguez Perez,L (2720) Baku 2016}) 13... Qxd5 14. d4 (14. a4 b4 15. Be3 Bb7 16. a5 Rad8 17. Ne4 Qe6 18. Bb3 Nd5 19. Bd2 {0-1 (67) Shomoev,A (2550)-Alekseev,E (2610) Sochi 2017}) 14... Bg4 15. Bb3 Qd6 {Black wants to play ...exd4.} 16. h3 Bxf3 $1 17. Qxf3 {[#] Strongly threatening Ne4.} exd4 18. Bf4 Qd7 19. Bxh6 Na5 {[#]} 20. Bg5 $146 ({Predecessor:} 20. Bc2) 20... Nh7 21. Bf4 {next Bc2 is good for White.} Nxb3 22. axb3 dxc3 23. bxc3 Rxe1+ 24. Rxe1 c6 25. b4 a5 26. bxa5 Rxa5 27. Rd1 Qe8 28. Bd6 Ra7 29. Nf5 Rd7 $1 30. Bxf8 Rxd1+ 31. Qxd1 Nxf8 32. Qd4 {[%csl Gf5][%cal Rd4g7] [#]} Qe1+ 33. Kh2 {[%csl Gf5][%cal Rd4g7]} Ne6 {The position is equal.} 34. Ne7+ Kf8 35. Qd6 Qxf2 36. Nxc6+ {Precision: White = 85%, Black = 100%.} 1/2-1/2

[Event "EICC 2017"]
[Site "Minsk"]
[Date "2017.06.09"]
[Round "10"]
[White "Blomqvist, Erik"]
[Black "Pacher, Milan"]
[Result "1-0"]
[WhiteElo "2546"]
[BlackElo "2450"]
[Annotator "TA"]
[PlyCount "57"]
[EventDate "2017.??.??"]
[EventCountry "BLR"]
[SourceTitle "playchess.com"]
[Source "ChessBase"]
[SourceQuality "1"]

{[%evp 27,57,30,37,0,3,0,0,0,4,0,0,-14,-8,-19,-20,-81,-81,-81,-81,-81,-81,-82,-82,-75,-37,-177,-179,-137,571,525,12839,694]} 1. e4 c5 2. Nf3 Nc6 3. d4 cxd4 4. Nxd4 Nf6 5. Nc3 e5 6. Ndb5 d6 7. Bg5 a6 8. Na3 b5 9. Nd5 Be7 10. Bxf6 Bxf6 11. c3 O-O 12. Nc2 Rb8 13. h4 Be7 14. g3 {B33: Sicilian: Pelikan and Sveshnikov Variations} Be6 {[#] LiveBook: 35 Games} 15. Bh3 $146 ({Predecessor:} 15. a3 Qd7 16. Ncb4 Nxb4 17. axb4 Ra8 18. Bg2 Bd8 19. O-O Qc6 20. Ra3 Ra7 21. Ne3 Bb6 {½-½ (43) Dominguez Perez,L (2721)-Timofeev,A (2677) Havana 2009}) 15... Qd7 16. Bxe6 {The position is equal.} fxe6 17. Nxe7+ Qxe7 18. Ne3 Rbd8 19. a4 {[#]} d5 $1 $40 {[%mdl 640] Black is up to no good.} 20. axb5 (20. exd5 exd5) 20... axb5 {Threatens to win with ...d4.} ({Of course not} 20... dxe4 $6 21. Qe2 $16) 21. Qb3 (21. exd5 $11 exd5 22. O-O) 21... d4 $17 22. Ng4 {[%cal Be3g4,Bg4h2,Bh2f3][%mdl 32]} h5 23. Nh2 dxc3 24. bxc3 Qc5 {[%csl Gf8][%cal Rc5f2]} 25. O-O Rd2 {[%cal Rf8f2]} (25... Rd3 $5 {[%cal Rd3g3]} 26. Qxe6+ Kh7 $17) 26. Qxe6+ {[#]} ({White should try} 26. Kh1 $15) 26... Kh7 $1 $19 {[%cal Rf8f2]} ({Inferior is} 26... Kh8 27. Qg6 $11) 27. Kh1 Rfxf2 $2 {[%mdl 8192]} (27... Qxc3 $17 {stays on course.} 28. Rac1 {[#]} Rfxf2 $1 {[%mdl 512]} 29. Qf5+ (29. Rxc3 $2 {leads to mate.} Rxh2+ 30. Kg1 Rdg2#) 29... Rxf5 30. Rxc3 Rxf1+ 31. Nxf1 Rd6) 28. Nf3 $18 g6 29. Qf6 {Precision: White = 28%, Black = 48%.} (29. Nxd2 $142 Rf8 30. Rxf8 Qxf8 31. Qxc6) 1-0

[Event "EICC 2017"]
[Site "Minsk"]
[Date "2017.06.09"]
[Round "10"]
[White "Forcen Esteban, Daniel"]
[Black "Rozum, Ivan"]
[Result "1/2-1/2"]
[WhiteElo "2545"]
[BlackElo "2606"]
[Annotator "TA"]
[PlyCount "119"]
[EventDate "2017.??.??"]
[EventCountry "BLR"]
[SourceTitle "playchess.com"]
[Source "ChessBase"]
[SourceQuality "1"]

{[%evp 14,119,44,18,39,50,25,19,23,14,36,38,70,57,77,75,71,60,81,82,120,56,56,54,102,91,107,129,124,125,102,87,107,89,138,136,183,131,130,53,251,239,239,247,243,212,212,202,203,208,269,293,284,266,291,277,286,285,301,189,178,87,126,15,18,16,18,0,8,3,8,0,8,8,4,0,0,0,8,0,0,0,0,0,0,0,0,0,0,0,0,0,0,0,0,0,0,0,0,0,0,0,0,0,0,0,0,0]} 1. e4 c6 2. Nc3 d5 3. Nf3 Bg4 4. h3 Bxf3 5. Qxf3 Nf6 6. d3 e6 7. Bd2 Nbd7 {B11: Caro-Kann: Two Knights Variation} (7... h5 8. O-O-O h4 9. Kb1 Qb6 10. Re1 d4 11. Nd1 Nbd7 12. g4 hxg3 13. Qxg3 O-O-O 14. Bg2 Nh5 15. Qh2 {½-½ (56) Lu,S (2619)-Kasimdzhanov,R (2698) Chengdu 2017}) 8. O-O-O {LiveBook: 9 Games} Bd6 9. g4 Ne5 {White is slightly better.} 10. Qg2 {Threatens to win with d4.} Ng6 $1 {[%cal Rg6h4]} 11. h4 Qc7 $146 ({Predecessor:} 11... h5 12. g5 Nd7 13. d4 Bb4 14. Qg3 Ne7 15. Bh3 {1-0 (36) Saraci,N (2105)-Pasko,L (2061) Kukes 2014}) 12. g5 Nd7 13. exd5 exd5 14. Re1+ Ne7 15. Qf3 Ne5 16. Qh3 Qd7 17. d4 (17. Qg3 $16) 17... Qxh3 $1 $14 18. Rxh3 {[%cal Bh1h3,Bh3f3,Bf3f6][%mdl 32]} ({Of course not} 18. Bxh3 Nf3 $17) 18... N5g6 19. Ne2 $1 h5 20. gxh6 $1 gxh6 21. h5 Nf8 {[%cal Bg6f8,Bf8e6,Be6d4][%mdl 32]} 22. Rf3 Ne6 23. Ng3 Nxd4 24. Rf6 Rd8 25. Bc3 (25. Rxh6 $6 Rxh6 26. Bxh6 f6 $14) (25. Bh3 $18) 25... c5 $16 {[#]} 26. b4 $1 {[%mdl 512]} b6 $2 {[#]} ({Black should play} 26... Rg8 $1 $14) (26... cxb4 27. Bxd4) 27. bxc5 $1 $18 bxc5 {intending ...Kf8.} 28. Ba5 Rd7 29. Bh3 Ne6 30. Bxe6 fxe6 31. Rexe6 Bc7 32. Bxc7 Rxc7 33. Nf5 Kd8 34. Nxh6 {Nf7+ is the strong threat.} ({Much less strong is} 34. Rxh6 $6 Rxh6 35. Nxh6 Rc6 $18) 34... Kc8 35. a4 {[%cal Ba2a4,Ba4a5][%mdl 32]} d4 36. a5 c4 37. Rf4 (37. Nf5 $18 {and White stays clearly on top.} Nxf5 38. Rxf5) 37... d3 $16 {[#]} 38. Rd6 (38. Nf5 $1 $16 {[%cal Rf5e7]} Nxf5 39. Rxf5) 38... Rc5 $11 {The position is equal.} 39. a6 dxc2 40. Rf7 Rxh5 41. Ng4 R8h7 42. Rf4 Rc5 43. Ne3 Kc7 $132 {[%mdl 2048] Black is not keeping still} 44. Rff6 Rh2 45. Rde6 Nc6 {And now ...Nd4 would win.} 46. Rf7+ Kb6 47. Kxc2 Kxa6 48. Kc3 Rh1 49. Nc2 {Strongly threatening Nd4.} Kb5 50. Nd4+ Nxd4 $1 51. Rb7+ Ka5 $1 52. Rxa7+ Kb5 53. Rb7+ Ka5 54. Kxd4 {[%mdl 4096] Endgame KRR-KRR} Rb5 55. Rc7 Rh4+ 56. Kc3 {[%cal Rc7a7]} Rb3+ 57. Kc2 Rf3 58. Re2 Rhf4 59. Rb7 Rxf2 60. Rxf2 {Precision: White = 63%, Black = 56%.} 1/2-1/2

[Event "EICC 2017"]
[Site "Minsk"]
[Date "2017.06.09"]
[Round "10"]
[White "Baron, Tal"]
[Black "Kessler, Luca"]
[Result "1-0"]
[WhiteElo "2540"]
[BlackElo "2431"]
[Annotator "TA"]
[PlyCount "51"]
[EventDate "2017.??.??"]
[EventCountry "BLR"]
[SourceTitle "playchess.com"]
[Source "ChessBase"]
[SourceQuality "1"]

{[%evp 23,51,20,17,12,20,16,7,25,15,13,32,18,28,32,41,52,54,42,94,74,206,200,379,364,337,360,621,600,798,458]} 1. e4 e5 2. Nf3 Nc6 3. Bb5 {[%cal Bf1b5,Bb5a4,Ba4b3][%mdl 32]} a6 4. Ba4 Nf6 5. O-O Be7 6. Re1 b5 7. Bb3 d6 8. c3 O-O 9. d4 Bg4 10. Be3 exd4 11. cxd4 d5 12. e5 Ne4 13. h3 {C91: Closed Ruy Lopez: 7...d6 8 c3 0-0 9 d4} Bh5 14. Nbd2 Nxd2 15. Qxd2 {The position is equal.} Bxf3 16. Qc3 Bxg2 (16... Nxe5 17. dxe5 Be4 18. Rad1 a5 19. Qc6 Qe8 20. Qxc7 Bb4 {½-½ (31) Smirin,I (2667)-L'Ami,E (2605) Wijk aan Zee 2017}) 17. Kxg2 Nb8 18. Kh2 c6 $146 ({Predecessor:} 18... c5 19. dxc5 Nc6 20. Rad1 b4 21. Qd3 d4 22. Qe4 Rc8 23. Rg1 dxe3 24. Rxd8 {1-0 (24) Baron,T (2544)-Korley,K (2389) London 2015}) 19. Rg1 {[%mdl 1024] White has compensation.} Kh8 20. Rg2 $36 {[%mdl 2048] White fights for an advantage.} f5 (20... Rg8 $14) 21. Rag1 $16 Rf7 (21... b4 $16 22. Qd2 g6) 22. Bf4 $18 {[#] Hoping for e6.} Qd7 $2 (22... b4 23. Qe3 g6) 23. Qf3 Bf8 24. Qh5 a5 $2 (24... Kg8 25. Rg5 c5) 25. Bc2 Na6 26. Rg5 {Precision: White = 98%, Black = 28%.} 1-0

[Event "EICC 2017"]
[Site "Minsk"]
[Date "2017.06.09"]
[Round "10"]
[White "Pavlidis, Antonios"]
[Black "Elistratov, Semen"]
[Result "1/2-1/2"]
[WhiteElo "2540"]
[BlackElo "2417"]
[Annotator "TA"]
[PlyCount "88"]
[EventDate "2017.??.??"]
[EventCountry "BLR"]
[SourceTitle "playchess.com"]
[Source "ChessBase"]
[SourceQuality "1"]

{[%evp 21,88,7,29,19,29,27,40,29,29,13,8,25,25,32,31,19,36,26,62,59,60,-8,-8,-8,-10,-57,-57,-57,-56,-57,-50,-50,-50,-52,-35,-46,-36,-50,-50,-38,-3,-85,-83,-62,0,-44,0,0,0,0,0,0,0,0,0,6,15,0,0,0,0,0,0,0,0,0,0,0,0]} 1. e4 c5 2. Nf3 d6 3. d4 cxd4 4. Nxd4 Nf6 5. Nc3 a6 6. Be3 e5 7. Nb3 Be6 8. f3 h5 9. Qd2 Nbd7 10. O-O-O Be7 11. Kb1 Rc8 12. g3 {B90: Sicilian Najdorf: Unusual White 6th moves, 6 Be3 Ng4 and 6 Be3 e5} (12. Bd3 Qc7 13. h3 h4 14. f4 b5 15. Rhe1 Bc4 16. fxe5 dxe5 17. Nd5 Nxd5 18. exd5 Bxd3 19. Qxd3 Qc4 {1-0 (27) Shirov,A (2683)-Delgado Ramirez,N (2615) Florianopolis 2017}) 12... b5 13. Nd5 Bxd5 14. exd5 {White is slightly better.} Nb6 $1 15. Bxb6 Qxb6 16. Bh3 Rc4 17. Rhe1 O-O 18. Bf1 Rc7 $146 ({Predecessor:} 18... Ra4 19. f4 Ne4 {0-1 (57) Mihok,O (2466)-Sagit,R (2369) Stockholm 2013}) 19. f4 e4 20. Bg2 Rfc8 21. Bxe4 (21. Qd4 $14 Qxd4 22. Nxd4) 21... Nxe4 $11 22. Rxe4 {Black must now prevent Nd4.} Rxc2 23. Qxc2 (23. Qe1 {looks sharper.} Bf6 24. Re8+ Kh7 25. Rxc8 Rxc8 26. Nd2) 23... Rxc2 24. Kxc2 Bf6 25. Nc1 Qc5+ {[%mdl 1024] Black has compensation.} 26. Kb1 a5 27. a3 Qf2 {[%csl Gf6][%cal Rf2b2] [#]} 28. Re2 Qb6 29. Rd3 b4 30. a4 Qb7 31. Rc2 {[#]} (31. Nb3 $1 $11 {keeps the balance.}) 31... Qd7 $1 $17 32. Rc6 Kh7 (32... g5 $1 $15) 33. Ka2 Be7 34. Nb3 {The position is equal.} Bd8 35. Nd4 Bf6 36. Nb3 Bd8 37. Rd2 Be7 38. Nd4 (38. Nxa5 $2 Qa7 $17) (38. Re2 $5 {[%cal Rb3a5]}) 38... Qa7 39. Kb3 Bf6 40. Kc4 Qe7 41. Re2 $1 {[%cal Re2e7]} Qa7 42. Rd2 Qe7 {Hoping for ...Qe1.} 43. Re2 $1 {[%cal Re2e7]} Qa7 44. Rd2 Qd7 {Precision: White = 44%, Black = 69%.} 1/2-1/2

[Event "EICC 2017"]
[Site "Minsk"]
[Date "2017.06.09"]
[Round "10"]
[White "Sanal, Vahap"]
[Black "Balashov, Yuri S"]
[Result "0-1"]
[WhiteElo "2533"]
[BlackElo "2408"]
[Annotator "TA"]
[PlyCount "124"]
[EventDate "2017.??.??"]
[EventCountry "BLR"]
[SourceTitle "playchess.com"]
[Source "ChessBase"]
[SourceQuality "1"]

{[%evp 30,124,38,15,34,13,26,-14,-15,-11,0,-8,-9,-13,0,0,0,-12,0,0,2,-16,-31,-62,-68,-99,-101,-128,-122,-126,-119,-193,-200,-179,-100,-103,-74,-149,-157,-136,-103,-135,-140,-142,-66,-98,-79,-125,-137,-172,-174,-194,-201,-189,-210,-222,-197,-391,-352,-384,-370,-397,-350,-427,-84,-89,-89,-92,0,0,0,-289,-289,-589,-85,-80,-79,-90,0,0,0,-85,-90,-214,-201,-278,-273,-1499,-1177,-2877,-1899,-29986,-29987,-29986,-29987,-29986,-29987]} 1. e4 e5 2. Nf3 Nc6 3. Bb5 a6 4. Ba4 Nf6 5. O-O Be7 6. Re1 b5 7. Bb3 d6 8. c3 O-O 9. h3 Nb8 10. d4 Nbd7 11. Nbd2 Bb7 12. Bc2 Re8 13. a4 Bf8 14. Bd3 c6 15. Qc2 g6 16. b3 Rc8 {C95: Closed Ruy Lopez: Breyer Variation with 10 d4} 17. Bb2 Nh5 18. Rad1 exd4 {The position is equal.} 19. cxd4 d5 20. Qb1 Nf4 21. Bf1 {[#]} b4 $146 ({Predecessor:} 21... Qb6 22. Re3 c5 {0-1 (36) Hansen,E (2603)-Dominguez Perez,L (2739) chess.com INT 2017}) 22. Ne5 Nxe5 23. dxe5 Qb6 24. Nf3 Ne6 25. exd5 cxd5 26. Nd4 Bc5 {[%cal Rc5d4]} 27. Qa1 a5 $1 28. Rd2 Bxd4 29. Bxd4 Nxd4 30. Rxd4 (30. Qxd4 $17 {keeps fighting.} Qxd4 31. Rxd4) 30... Rc3 $19 31. Qd1 {[#]} Qc7 ({Better is} 31... Rxb3 $1 $19 {[%mdl 512]} 32. Qd2 (32. Qxb3 Qxd4) 32... Qc7) 32. f4 $17 Qc5 33. Kh2 {[#]} (33. Qd2 $142) 33... Rxb3 $1 {[%mdl 512]} 34. Bb5 (34. Qxb3 Qxd4) 34... Re7 35. Qxb3 Qxd4 36. Qg3 Qc3 (36... Bc8 $1 $17 37. Qh4 Qc5) 37. Qg5 $15 Qc7 $1 (37... Qxe1 $6 38. Qxe7 Qe4 39. Qd8+ Kg7 40. Qf6+ Kg8 41. Qd8+ (41. Be8 $2 Qf5 $19) 41... Kg7 42. Qf6+ Kg8 43. Qd8+ $11 (43. Be8 $2 Qf5 $19)) 38. Re2 Re6 39. Qg3 Ba6 40. f5 Bxb5 41. axb5 $19 {[%mdl 4096] Endgame KQR-KQR} Rb6 42. f6 h6 ({Not} 42... Rxb5 43. Qe3 $11) 43. Qe3 $2 (43. h4 {was necessary.}) 43... Rxf6 44. Rc2 Qb8 $1 ({Inferior is} 44... Qxc2 45. exf6 Qc7+ 46. Kh1 $11) 45. Rc5 Rb6 46. Qe2 d4 $2 (46... b3 $19 47. Rxd5 Kg7) 47. Qc4 $17 Kg7 $1 {aiming for ...Re6.} 48. Rc7 {[#]} Qe8 ({Black should play} 48... Re6 $1 $17 {[%mdl 512] ...d3 is the strong threat.} 49. Qxe6 Qxc7 50. Qf6+ Kh7) 49. Qxd4 $11 {Threatens to win with e6+.} Qe6 50. Rc5 $2 {[%mdl 8192]} (50. Rc8 $1 $11 {and White has nothing to worry.}) 50... b3 $19 51. Qa1 $2 {[#]} (51. Qc3) 51... Rb7 $2 (51... a4 $1 $19 {[%mdl 512] is more deadly. Strongly threatening ...Kh7.} 52. Qb2 (52. Qxa4 b2) 52... Kh7) 52. Qc3 $17 Kh7 $36 {[%mdl 2048] And now ...Re7 would win. Keeping White busy.} 53. Rc6 Qd7 {White must now prevent ...b2.} 54. Rc8 $1 {[%cal Rc8h8]} Qe6 ({Don't blunder} 54... Qxb5 $2 55. e6 $1 $18 {[%mdl 512]}) 55. Rc6 {[#]} Qf5 $1 {[%cal Rf5f4]} 56. b6 (56. e6 $17 {only move.}) 56... Qf4+ $19 57. Kh1 Qb4 58. Qb2 $2 (58. Qxb4 axb4 59. Rc1) 58... a4 {[%cal Ba5a4,Ba4a3][%mdl 32]} 59. e6 a3 60. Qf6 b2 {Black mates.} 61. exf7 b1=Q+ 62. Kh2 Qf8 {Precision: White = 38%, Black = 56%.} 0-1

[Event "EICC 2017"]
[Site "Minsk"]
[Date "2017.06.09"]
[Round "10"]
[White "Steinberg, Nitzan"]
[Black "Popov, Ivan"]
[Result "1/2-1/2"]
[WhiteElo "2532"]
[BlackElo "2618"]
[Annotator "TA"]
[PlyCount "35"]
[EventDate "2017.??.??"]
[EventCountry "BLR"]
[SourceTitle "playchess.com"]
[Source "ChessBase"]
[SourceQuality "1"]

{[%evp 9,35,11,17,-20,-12,-17,14,11,9,-1,21,35,46,10,69,-7,13,16,56,52,67,35,41,29,25,18,64,35]} 1. e4 c6 2. d4 d5 3. e5 Bf5 4. h4 Qc7 5. Nc3 h5 {LiveBook: 4 Games} 6. Be2 $146 {B12: Caro-Kann: Advance Variation} ({Predecessor:} 6. Bd3 Bxd3 7. Qxd3 e6 8. Nf3 Ne7 9. Bg5 Nd7 10. O-O Ng6 11. Ne2 Be7 12. g3 {1-0 (42) Anton Guijarro,D (2616)-Najer,E (2681) Gjakova 2016}) 6... e6 7. Be3 Qb6 8. Na4 {The position is equal.} Qa5+ 9. c3 Nd7 10. b4 Qc7 11. a3 ({Of course not} 11. Bxh5 a5 $15) 11... Be4 (11... O-O-O $11) 12. f3 (12. Kf1 $14) 12... Bg6 13. Nh3 f6 14. Bd3 Bf7 15. f4 Nh6 16. Qe2 Be7 17. g3 f5 18. Nf2 {Precision: White = 29%, Black = 44%.} 1/2-1/2

[Event "EICC 2017"]
[Site "Minsk"]
[Date "2017.06.09"]
[Round "10"]
[White "Ladva, Ottomar"]
[Black "Stremavicius, Titas"]
[Result "1/2-1/2"]
[WhiteElo "2530"]
[BlackElo "2448"]
[Annotator "TA"]
[PlyCount "37"]
[EventDate "2017.??.??"]
[EventCountry "BLR"]
[SourceTitle "playchess.com"]
[Source "ChessBase"]
[SourceQuality "1"]

{[%evp 24,25,14,14]} 1. e4 c5 2. Nf3 Nc6 3. d4 cxd4 4. Nxd4 Nf6 5. Nc3 e5 6. Ndb5 {[%cal Bd4b5,Bb5a3,Ba3c2][%mdl 32]} d6 7. Bg5 a6 8. Na3 b5 9. Nd5 Be7 10. Bxf6 Bxf6 11. c4 b4 {B33: Sicilian: Pelikan and Sveshnikov Variations} 12. Nc2 O-O 13. g3 {[#] LiveBook: 239 Games} {Predecessor:} Rb8 $146 14. Qd3 Be6 15. Bg2 b3 16. axb3 Bxd5 17. cxd5 Nb4 18. Nxb4 Rxb4 19. Rxa6 {½-½ (34) Nepomniachtchi,I (2767)-Dubov,D (2660) Doha 2016} 1/2-1/2

[Event "EICC 2017"]
[Site "Minsk"]
[Date "2017.06.09"]
[Round "10"]
[White "Bernadskiy, Vitaliy"]
[Black "Sadovsky, Artem"]
[Result "1-0"]
[WhiteElo "2529"]
[BlackElo "2407"]
[Annotator "TA"]
[PlyCount "63"]
[EventDate "2017.??.??"]
[EventCountry "BLR"]
[SourceTitle "playchess.com"]
[Source "ChessBase"]
[SourceQuality "1"]

{[%evp 11,63,25,41,51,50,24,32,21,54,26,70,22,21,11,14,17,17,13,25,17,16,0,29,22,28,0,10,10,47,50,33,20,17,0,0,0,914,890,953,935,911,896,934,919,1041,650,808,782,773,754,12834,12834,29988,29989]} 1. d4 d5 2. Nf3 Nf6 3. c4 c6 4. Nc3 g6 5. cxd5 cxd5 6. Bf4 a6 7. e3 {D90: Grünfeld: 4 Nf3 Bg7 sidelines} Bg7 (7... Nc6 8. Ne5 Bg7 9. Be2 O-O 10. O-O Nxe5 11. dxe5 Ne4 12. Nxe4 dxe4 13. Bc4 Bd7 14. Qb3 Bc6 15. Rfd1 Qa5 16. e6 fxe6 17. Bxe6+ Kh8 18. Bd7 {1-0 (50) Miton,K (2622)-Kempinski,R (2606) Warsaw 2012}) 8. h4 O-O $146 ({Predecessor:} 8... Nc6 9. Bd3 Bd7 10. O-O O-O {½-½ (10) Toth,P (2142)-Halpert,S (2154) Hungary 2007}) 9. Ne5 {White is slightly better.} Nbd7 10. Rc1 Ne4 11. Nxd7 (11. Nd3 {is more complex.} Ndf6 12. Qb3 b5 13. Be2 Be6 14. h5) 11... Nxc3 12. Rxc3 Bxd7 13. Bc7 Qe8 14. h5 Bb5 15. hxg6 hxg6 16. g4 Bxf1 17. Kxf1 Qd7 18. Qf3 Rfc8 19. Qg3 Qb5+ 20. Kg2 Qxb2 21. Rc5 b6 22. Rc6 Qxa2 23. Qh4 Qa4 $2 {[%mdl 8192] [#]} (23... Qe2 $11) 24. Be5 $3 $18 {[%mdl 512]} f6 {[#]} 25. Bxf6 $1 {[%mdl 512] White threatens Qh7+ and mate.} Kf7 (25... exf6 26. Rxf6) 26. Rxc8 Rxc8 27. Bxg7 Qc2 28. Be5 {Qh7+ is the strong threat.} Ke6 29. Kg3 a5 30. Qg5 Rf8 31. Bf4 Qc4 32. Rh7 {Precision: White = 57%, Black = 46%.} 1-0

[Event "EICC 2017"]
[Site "Minsk"]
[Date "2017.06.09"]
[Round "10"]
[White "Plat, Vojtech"]
[Black "Podolchenko, Evgeniy"]
[Result "1-0"]
[WhiteElo "2522"]
[BlackElo "2398"]
[Annotator "TA"]
[PlyCount "51"]
[EventDate "2017.??.??"]
[EventCountry "BLR"]
[SourceTitle "playchess.com"]
[Source "ChessBase"]
[SourceQuality "1"]

{[%evp 20,51,64,64,156,99,100,111,106,99,278,289,314,286,562,560,612,597,616,587,690,734,774,765,823,818,1334,1252,1825,1565,1704,1662,2304,2237]} 1. d4 Nf6 2. c4 e6 3. g3 d5 4. Bg2 Be7 5. Nf3 O-O 6. Nbd2 Nbd7 7. O-O c6 8. Qc2 b5 9. b3 Ba6 10. c5 {E09: Closed Catalan: Main Line: 7 Qc2 c6 8 Nbd2} b4 11. Re1 {LiveBook: 11 Games} e5 ({Black should play} 11... Bb5 $14) (11... Ne8 12. e4 Nc7 13. h4 Bb5 14. Bb2 Qe8 15. Bh3 dxe4 16. Nxe4 f5 17. Neg5 {0-1 (40) Vaganian,R (2670)-Sargissian,G (2602) Moscow 2005}) 12. dxe5 $146 (12. Nxe5 $142 Nxe5 13. dxe5) ({Predecessor:} 12. Nxe5 Nxe5 13. dxe5 Nd7 14. a3 Nxe5 15. axb4 Bb5 16. Nf3 Bf6 17. Bb2 Nxf3+ 18. Bxf3 {½-½ (41) Gomez Caceres,J (2088)-Garcia Toledo,P (2234) Antofagasta 2016}) 12... Ng4 $16 13. Bb2 Bxc5 {[#]} 14. e3 $1 Qb6 $2 (14... Be7 $16 {might work better.}) 15. Bh3 $18 f5 16. Rac1 {aiming for e6.} Bb5 $2 (16... Be7 17. Qxc6 Nc5 18. Qxd5+ Kh8) 17. e6 {[%cal Be5e6,Be6e7][%mdl 32] White is clearly winning.} Bxe3 18. fxe3 Nxe3 19. Qb1 Nc2+ 20. Kg2 Nxe1+ 21. Rxe1 Nf6 22. e7 Rfe8 23. Bxf6 gxf6 24. Qxf5 {[#] Ng5! would kill now.} c5 25. Re6 Bd7 26. Qxf6 {Precision: White = 92%, Black = 10%.} 1-0

[Event "EICC 2017"]
[Site "Minsk"]
[Date "2017.06.09"]
[Round "10"]
[White "Alonso Rosell, Alvar"]
[Black "Moroni, Luca Jr"]
[Result "1-0"]
[WhiteElo "2516"]
[BlackElo "2448"]
[Annotator "TA"]
[PlyCount "143"]
[EventDate "2017.??.??"]
[EventCountry "BLR"]
[SourceTitle "playchess.com"]
[Source "ChessBase"]
[SourceQuality "1"]

{[%evp 28,143,69,73,72,51,62,29,39,32,37,32,29,26,36,30,47,36,33,31,32,33,38,37,43,35,34,39,39,35,44,33,49,49,44,49,49,35,55,54,54,54,54,48,47,43,43,41,44,35,34,41,45,6,10,0,0,0,10,10,10,10,48,41,83,83,83,83,145,146,146,145,145,145,131,117,117,110,110,110,110,110,110,110,110,110,1778,1356,8126,7492,5518,4480,6079,5410,1656,943,12592,3773,6258,12298,29959,29956,29940,29966,29965,29957,29977,29977,29977,29978,29978,29979,29976,29979,29975,29977,29977,29978]} 1. Nf3 d5 2. g3 Nf6 3. Bg2 e6 4. d4 Be7 5. c4 O-O 6. O-O dxc4 7. Ne5 Nc6 8. Bxc6 bxc6 9. Nxc6 Qe8 10. Nxe7+ Qxe7 11. Qa4 c5 {E05: Open Catalan: 5 Nf3 Be7} (11... e5 12. dxe5 Qxe5 13. Nc3 Ne4 14. Qb5 c5 15. Qxc4 Nxc3 16. bxc3 Be6 17. Qd3 Rad8 18. Qe3 Qh5 19. Re1 Rfe8 {½-½ (31) Radjabov,T (2696)-Aronian,L (2795) Novi Sad 2016}) 12. Qa3 Bb7 13. Qxc5 Qxc5 14. dxc5 Rfc8 15. Be3 {LiveBook: 3 Games} Ng4 16. Bf4 $146 ({Predecessor:} 16. Bd4 e5 17. Bc3 Rxc5 18. Na3 a5 19. Rfd1 {1-0 (42) Bora,S (2384)-Ippolito,D (2370) Charlotte 2016}) 16... e5 17. Bc1 (17. Bd2 {seems wilder.} Rxc5 18. f3 Nf6 19. e4 Bc8 20. Bb4) 17... Nf6 18. Nc3 Rxc5 19. Be3 Ra5 20. Rfd1 Ne4 21. Bd2 Ra6 22. Nxe4 Bxe4 23. Bc3 f6 24. Rd7 Bc2 25. f3 Ba4 26. Rd5 Rc8 27. Kf2 Kf7 28. e4 Rc7 29. Ke3 Bd7 30. a3 Ba4 31. Rg1 Re6 32. Rg2 Ree7 33. Rgd2 Red7 34. Ra5 Rxd2 35. Bxd2 $14 {[%mdl 4096] Endgame KRB-KRB} Bc2 36. Rd5 Ba4 37. f4 Rd7 38. fxe5 Rxd5 $1 39. exd5 {e6+ is the strong threat.} fxe5 {KB-KB} 40. Bc3 Kf6 41. g4 Bd1 42. h3 h5 43. d6 Ba4 44. gxh5 Be8 45. Kf3 Bxh5+ 46. Ke4 Ke6 47. Bxe5 g6 (47... g5 $142) 48. Kd4 $16 Be2 49. Kc5 Kd7 50. h4 Bf1 51. Bd4 Be2 52. Kd5 a5 53. Be5 a4 54. Kc5 Bd3 55. Kb4 Bc2 56. Kxc4 Kc6 $2 {[%mdl 8192]} (56... Bb3+ $16 57. Kc5 Bd1) 57. b4 $1 $18 {[%cal Rb4b5]} axb3 58. Kc3 $1 Bd1 59. Kb2 Bc2 60. a4 {[%cal Ba3a4,Ba4a5][%mdl 32]} Bd1 61. a5 Bg4 62. Kxb3 Kb5 {[#]} 63. Bc3 $1 {[%cal Rc3b4]} Be6+ {[#]} 64. Kc2 $1 {[%cal Rc2d3] White mates.} Bf5+ 65. Kd2 Kc5 {[#]} 66. Bb4+ $1 {[%mdl 512]} Kb5 (66... Kxb4 67. a6) 67. Kc3 Bd7 68. Kd4 Bc6 69. Bc3 Bd7 70. Ke5 Kc5 71. Bb4+ Kb5 72. Kf6 {Precision: White = 81%, Black = 51%.} 1-0